00928cam a2200277 a 450000100100000000500170001000800410002704000300006808200190009824501090011726000480022630000210027449000150029550400420031065000180035265000310037065000220040170000430042370000310046670000250049770000190052270000340054170000290057570000300060483000160063400000964520200929161644.0911023s1986 cu j b 001 d spa d aDO-SdBNPbspacDLCdBNPHU aCu862.44bT25300aTeatro juvenil /cselección y prólogo, Carlos Espinosa Domínguez ; edición Eduardo Heras León. aLa Habana, (Cuba) :bLetras Cubanas,c1986. a377 p. ;c18 cm.1 aGiraldilla aIncluye referencias bibliográficas. 4aTeatro cubano 4aTeatro cubanoxColecciones 4aLiteratura cubana1 aEspinosa Domínguez, Carlos.epról.1 aHeras León, Eduardoeed.1 aTorrens Vega, Carlos1 aPedro, Alberto1 aGonzález González, José1 aSuárez Durán, Esther1 aRodríguez Paz, Lázaro 0aGiraldilla.